Act of reprisal (Record no. 76852)
[ view plain ]
| 000 -LEADER | |
|---|---|
| fixed length control field | 01036cab a2200193 4500 |
| 001 - CONTROL NUMBER | |
| control field | ##L133194 |
| 008 - FIXED-LENGTH DATA ELEMENTS--GENERAL INFORMATION | |
| fixed length control field | 060420n2006 000 0 eng u |
| 035 ## - SYSTEM CONTROL NUMBER | |
| System control number | (Sirsi) u133194 |
| 041 0# - LANGUAGE CODE | |
| Language code of text/sound track or separate title | eng |
| 100 1# - MAIN ENTRY--PERSONAL NAME | |
| Personal name | Roberts, Gwyn |
| 245 00 - TITLE STATEMENT | |
| Title | Act of reprisal |
| 260 ## - PUBLICATION, DISTRIBUTION, ETC. | |
| Date of publication, distribution, etc. | 2006 |
| 490 #0 - SERIES STATEMENT | |
| Series statement | Property Week |
| Volume/sequential designation | 71(15) 14 April 2006, 66(1) |
| 520 ## - SUMMARY, ETC. | |
| Summary, etc. | The new houses in multiple occupancy legislation is now in effect. As a key part of the Housing Act 2004, new laws have brought in a mandatory licence for landlords and properties with three or more separate tenants. It is designed to guarantee well-managed and safer buildings, and is aimed at protecting university students in rented accommodation. The new system is thought to become big business for large corporate providers. But small landlords may struggle to keep up with the new standards of fire protection and management. |
| 590 ## - LOCAL NOTE (RLIN) | |
| Local note | IKA250406 |
| 650 24 - SUBJECT ADDED ENTRY--TOPICAL TERM | |
| Topical term or geographic name entry element | HOUSING ACT 2004 PART II |
| 690 ## - LOCAL SUBJECT ADDED ENTRY--TOPICAL TERM (OCLC, RLIN) | |
| Topical term or geographic name as entry element | PROPERTY-RESIDENTIAL PROPERTY-RESIDENTIAL LANDLORD AND TENANT |
| 942 ## - ADDED ENTRY ELEMENTS (KOHA) | |
| Suppress in OPAC | 0 |
| Withdrawn status | Lost status | Source of classification or shelving scheme | Damaged status | Not for loan | Home library | Current library | Shelving location | Date acquired | Total Checkouts | Full call number | Barcode | Date last seen | Copy number | Price effective from | Koha item type |
|---|---|---|---|---|---|---|---|---|---|---|---|---|---|---|---|
| Dewey Decimal Classification | London | London | Journal article | 20/04/2006 | L133194 | 133194-1001 | 06/08/2019 | 1 | 06/08/2019 | Archive |